| 000 | 00509nam a2200181 i 4500 | ||
|---|---|---|---|
| 001 | 58371 | ||
| 003 | ES-MaACL | ||
| 005 | 20250916063041.0 | ||
| 007 | t| | ||
| 008 | 031022s1922 fr |||| | fre d | ||
| 100 | 1 |
_aDuhamel, Georges, _d1884-1966 _945938 |
|
| 245 | 1 | 0 |
_aCivilisation _b: 1914-1917 / _cGeorges Duhamel. |
| 250 | _a56eme ed. | ||
| 260 |
_a[S.l. : _bs.n., _c1922] ( _ePoitiers : _fMarc Texier) |
||
| 300 |
_a272 p. ; _c19 cm. |
||
| 852 |
_aES-MaACL _jF-1593 |
||
| 999 |
_c58371 _d58371 |
||